[Event "Lewisham International 4th"]
[Site "Catford Cricket Club"]
[Date "1984.09.??"]
[Round "3"]
[White "Savage, Allan George"]
[Black "Wade, Robert G"]
[Result "1/2-1/2"]
[WhiteElo "2315"]
[BlackElo "2315"]
[PlyCount "87"]
[EventDate "1984.09.04"]
[EventType "swiss"]
[EventRounds "9"]
[EventCountry "ENG"]
[SourceTitle "Giddins, Steve"]

1. e4 c6 2. d4 d5 3. exd5 cxd5 4. c4 Nf6 5. Nc3 Nc6 6. Nf3 Qa5 7. Bd2 dxc4 8.
Bxc4 e6 9. d5 exd5 10. Nxd5 Qd8 11. Qe2+ Be7 12. Nxe7 Qxe7 13. Qxe7+ Kxe7 14.
O-O-O Be6 15. Rhe1 Rac8 16. Kb1 h6 17. Nh4 Rhd8 18. Ng6+ Ke8 19. Nf4 Nd4 20.
Bxe6 Nxe6 21. Nxe6 fxe6 22. Rxe6+ Kf7 23. Ree1 b6 24. Bf4 Nd5 25. Bg3 g5 26. h4
Kf6 27. Rd4 a5 28. a3 b5 29. Red1 Ke6 30. Re1+ Kf6 31. Re5 Rc5 32. Re1 b4 33.
a4 Rcc8 34. Red1 Ke6 35. Re1+ Kf6 36. Rc1 Nf4 37. Rxd8 Rxd8 38. Rc6+ Kf5 39.
Rc5+ Kg4 40. Bxf4 gxf4 41. Kc2 Re8 42. Kd3 Rd8+ 43. Kc2 Re8 44. Kd3 1/2-1/2

[Event "Lewisham International 4th"]
[Site "Catford Cricket Club"]
[Date "1984.09.??"]
[Round "3"]
[White "Strauss, David J"]
[Black "Gruenberg, Regina"]
[Result "1-0"]
[WhiteElo "2425"]
[BlackElo "1870"]
[PlyCount "27"]
[EventDate "1984.09.04"]
[EventType "swiss"]
[EventRounds "9"]
[EventCountry "ENG"]
[SourceTitle "Giddins, Steve"]

1. Nf3 c5 2. c4 Nf6 3. Nc3 Nc6 4. d4 cxd4 5. Nxd4 e6 6. g3 Bb4 7. Bg2 O-O 8.
O-O Bxc3 9. bxc3 Ne5 10. Qb3 Qc7 11. Ba3 Rd8 12. Be7 Re8 13. Nb5 Qxc4 14. Bxf6
1-0

[Event "Lewisham International 4th"]
[Site "Catford Cricket Club"]
[Date "1984.09.??"]
[Round "3"]
[White "Wall, Tim"]
[Black "Singh, PK."]
[Result "0-1"]
[WhiteElo "2220"]
[BlackElo "2260"]
[PlyCount "42"]
[EventDate "1984.09.04"]
[EventType "swiss"]
[EventRounds "9"]
[EventCountry "ENG"]
[SourceTitle "Giddins, Steve"]

1. e4 c6 2. c4 d5 3. exd5 cxd5 4. cxd5 Qxd5 5. Nc3 Qd8 6. Nf3 Nf6 7. d4 e6 8.
Bd3 Be7 9. O-O O-O 10. Re1 Nc6 11. a3 b6 12. Bc2 Ba6 13. Bg5 Rc8 14. Qd2 Nd5
15. Rad1 Bxg5 16. Nxg5 h6 17. Nh7 Re8 18. Nxd5 Qxd5 19. Re3 Nxd4 20. Bd3 Nf5
21. Rh3 Red8 0-1

[Event "Lewisham International 4th"]
[Site "Catford Cricket Club"]
[Date "1984.09.??"]
[Round "4"]
[White "Ady, Jonathan James"]
[Black "Hebden, Mark L"]
[Result "0-1"]
[WhiteElo "2290"]
[BlackElo "2480"]
[PlyCount "56"]
[EventDate "1984.09.04"]
[EventType "swiss"]
[EventRounds "9"]
[EventCountry "ENG"]
[SourceTitle "Giddins, Steve"]

1. e4 e5 2. Nf3 Nc6 3. Bb5 a6 4. Ba4 Nf6 5. O-O Be7 6. Re1 b5 7. Bb3 O-O 8. c3
d5 9. exd5 Nxd5 10. Nxe5 Nxe5 11. Rxe5 c6 12. d4 Bd6 13. Re1 Qh4 14. g3 Qh3 15.
Be3 Bg4 16. Qd3 Rae8 17. Nd2 f5 18. f4 Kh8 19. Bxd5 cxd5 20. Qf1 Qh5 21. a4
bxa4 22. Qg2 Re4 23. Rxa4 g5 24. Rxa6 gxf4 25. Nxe4 fxe4 26. Rxd6 fxe3 27. Rxe3
Bh3 28. g4 Qxg4 {Amended 7 October 2021} 0-1

[Event "Lewisham International 4th"]
[Site "Catford Cricket Club"]
[Date "1984.09.??"]
[Round "4"]
[White "Bellin, Robert"]
[Black "Savage, Allan George"]
[Result "1-0"]
[WhiteElo "2370"]
[BlackElo "2315"]
[PlyCount "87"]
[EventDate "1984.09.04"]
[EventType "swiss"]
[EventRounds "9"]
[EventCountry "ENG"]
[SourceTitle "Giddins, Steve"]

1. e4 Nc6 2. Nf3 Nf6 3. e5 Nd5 4. d4 d6 5. c4 Nb6 6. exd6 exd6 7. h3 Be7 8. Be2
O-O 9. O-O Bf6 10. Nc3 Re8 11. Bf4 Bf5 12. Qd2 h6 13. Rfe1 Bh7 14. b3 Qd7 15.
Bd3 Bxd3 16. Qxd3 Nb4 17. Qd2 Qf5 18. Nb5 Rxe1+ 19. Nxe1 a6 20. Nxc7 Rd8 21.
Be3 Nc6 22. d5 Bxa1 23. dxc6 Nxc4 24. bxc4 bxc6 25. Nxa6 d5 26. cxd5 Rxd5 27.
Qc1 Qf6 28. Nc5 Bd4 29. Bxd4 Qxd4 30. Ned3 Rg5 31. a4 Qd5 32. g3 Qd4 33. Kg2
Rf5 34. Qe3 Qd8 35. Qe1 Rd5 36. a5 h5 37. h4 g5 38. hxg5 Qxg5 39. Qb4 Qf5 40.
a6 h4 41. Qb8+ Kh7 42. a7 hxg3 43. Qxg3 Qc8 44. Qh3+ 1-0

[Event "Lewisham International 4th"]
[Site "Catford Cricket Club"]
[Date "1984.09.??"]
[Round "4"]
[White "Davies, Nigel Rodney"]
[Black "Arkell, Keith C"]
[Result "1/2-1/2"]
[WhiteElo "2340"]
[BlackElo "2345"]
[PlyCount "29"]
[EventDate "1984.09.04"]
[EventType "swiss"]
[EventRounds "9"]
[EventCountry "ENG"]
[SourceTitle "Giddins, Steve"]

1. d4 Nf6 2. Nf3 e6 3. c4 Bb4+ 4. Bd2 Qe7 5. Nc3 b6 6. e3 Bb7 7. Bd3 O-O 8. O-O
d6 9. a3 Bxc3 10. Bxc3 Ne4 11. Be1 Nd7 12. Nd2 f5 13. f3 Nxd2 14. Bxd2 e5 15.
Qc2 1/2-1/2

[Event "Lewisham International 4th"]
[Site "Catford Cricket Club"]
[Date "1984.09.??"]
[Round "4"]
[White "Gallagher, Joseph G"]
[Black "Pein, Malcolm"]
[Result "0-1"]
[WhiteElo "2295"]
[BlackElo "2280"]
[PlyCount "83"]
[EventDate "1984.09.04"]
[EventType "swiss"]
[EventRounds "9"]
[EventCountry "ENG"]
[SourceTitle "Giddins, Steve"]

1. Nf3 d6 2. d4 f5 3. Nc3 Nf6 4. Bg5 c6 5. Qd3 d5 6. Ne5 e6 7. f3 Qa5 8. Bd2
Na6 9. Nd1 Qc7 10. c3 Bd6 11. f4 O-O 12. e3 c5 13. Be2 Ne4 14. O-O b5 15. Be1
c4 16. Qc2 Be7 17. b4 Bd7 18. a4 bxa4 19. Nb2 a3 20. Rxa3 Nb8 21. Ra5 Nc6 22.
Nxc6 Qxc6 23. Bf3 Bd8 24. Ra2 a5 25. Bxe4 fxe4 26. bxa5 Rxa5 27. Rxa5 Bxa5 28.
Bd2 Ra8 29. Ra1 Bc7 30. Qb1 Qb7 31. Rxa8+ Qxa8 32. Nd1 Qa4 33. Kf1 Be8 34. Ke1
Qb3 35. Qxb3 cxb3 36. Bc1 Bh5 37. Nf2 g5 38. g3 gxf4 39. gxf4 Kg7 40. Bb2 Kg6
41. Bc1 Kf5 42. Bb2 0-1

[Event "Lewisham International 4th"]
[Site "Catford Cricket Club"]
[Date "1984.09.??"]
[Round "4"]
[White "Garcia Olasagasti, Leontxo"]
[Black "Fuller, Maxwell L"]
[Result "1/2-1/2"]
[WhiteElo "2280"]
[BlackElo "2335"]
[PlyCount "61"]
[EventDate "1984.09.04"]
[EventType "swiss"]
[EventRounds "9"]
[EventCountry "ENG"]
[SourceTitle "Giddins, Steve"]

1. d4 g6 2. c4 Bg7 3. e4 d6 4. Nc3 Nc6 5. d5 Nd4 6. Be3 c5 7. Nge2 e5 8. dxe6
Nxe6 9. Qd2 Ne7 10. Nb5 O-O 11. Nxd6 Qb6 12. Nxc8 Raxc8 13. Nc3 Rcd8 14. Bd3 f5
15. f3 f4 16. Bf2 Rxd3 17. Qxd3 Qxb2 18. O-O Qxc3 19. Qd7 Kf7 20. Qxb7 Qxa1 21.
Rxa1 Bxa1 22. Qxa7 Rd8 23. Kf1 Bc3 24. Bxc5 Rd1+ 25. Ke2 Rd2+ 26. Kf1 Nxc5 27.
Qxc5 Rd1+ 28. Ke2 Rd2+ 29. Kf1 Rd1+ 30. Ke2 Rd2+ 31. Kf1 1/2-1/2

[Event "Lewisham International 4th"]
[Site "Catford Cricket Club"]
[Date "1984.09.??"]
[Round "4"]
[White "Gruenberg, Regina"]
[Black "Richmond, Peter Allan"]
[Result "1/2-1/2"]
[WhiteElo "1870"]
[BlackElo "2245"]
[PlyCount "45"]
[EventDate "1984.09.04"]
[EventType "swiss"]
[EventRounds "9"]
[EventCountry "ENG"]
[SourceTitle "Giddins, Steve"]

1. e4 c5 2. Nf3 Nc6 3. Bb5 e6 4. O-O Nge7 5. c3 Qb6 6. Ba4 d6 7. d4 cxd4 8.
cxd4 d5 9. Nc3 dxe4 10. Nxe4 Nd5 11. Ne5 Be7 12. Qg4 g6 13. Qf3 f5 14. Nc3 Nxc3
15. Qxc3 Bf6 16. Be3 O-O 17. Nxc6 bxc6 18. Qxc6 Qxc6 19. Bxc6 Rb8 20. b3 Rd8
21. Rad1 Ba6 22. Rfe1 Rbc8 23. Bf3 1/2-1/2

[Event "Lewisham International 4th"]
[Site "Catford Cricket Club"]
[Date "1984.09.??"]
[Round "4"]
[White "Nicholson, John G"]
[Black "Strauss, David J"]
[Result "0-1"]
[WhiteElo "2295"]
[BlackElo "2425"]
[PlyCount "98"]
[EventDate "1984.09.04"]
[EventType "swiss"]
[EventRounds "9"]
[EventCountry "ENG"]
[SourceTitle "Giddins, Steve"]

1. e4 c5 2. Nf3 Nc6 3. d4 cxd4 4. Nxd4 Nf6 5. Nc3 d6 6. Bg5 e6 7. Qd2 a6 8.
O-O-O Bd7 9. Be2 Be7 10. Nb3 b5 11. Bxf6 gxf6 12. Bh5 Qb6 13. f4 b4 14. Ne2 a5
15. Nbd4 Rg8 16. f5 Nxd4 17. Nxd4 e5 18. Ne6 Rc8 19. Qh6 Bxe6 20. fxe6 Rxg2 21.
Rd2 Rg1+ 22. Rxg1 Qxg1+ 23. Rd1 Qg2 24. Qd2 Qxe4 25. exf7+ Kd7 26. Be2 Ke6 27.
Bd3 Qf4 28. Qxf4 exf4 29. Rf1 f5 30. Ba6 Rc5 31. Rxf4 Kxf7 32. h4 Bf8 33. Kd1
Bg7 34. Bc4+ Kg6 35. b3 Bc3 36. Ke2 Re5+ 37. Kf2 Bd2 38. Rf3 Be1+ 39. Kg2 Bxh4
40. Rd3 Be7 41. Rd5 h5 42. Rb5 h4 43. Rb8 d5 44. Bd3 Re3 45. Rb5 h3+ 46. Kf2 h2
47. Kg2 Bd6 48. Rb6 Re6 49. Ba6 Kh6 0-1

[Event "Lewisham International 4th"]
[Site "Catford Cricket Club"]
[Date "1984.09.??"]
[Round "4"]
[White "Savereide, Diane"]
[Black "Singh, PK."]
[Result "0-1"]
[WhiteElo "2230"]
[BlackElo "2260"]
[PlyCount "142"]
[EventDate "1984.09.04"]
[EventType "swiss"]
[EventRounds "9"]
[EventCountry "ENG"]
[SourceTitle "Giddins, Steve"]

1. e4 c6 2. d4 d5 3. exd5 cxd5 4. Bd3 Nf6 5. c3 Nc6 6. Bf4 e6 7. Nf3 Bd6 8.
Bxd6 Qxd6 9. O-O O-O 10. Qe2 Qf4 11. Ne5 Nxe5 12. dxe5 Nd7 13. Re1 f5 14. Nd2
Nc5 15. Nb3 Nxd3 16. Qxd3 Bd7 17. Nc5 Bc8 18. Qb5 Qg5 19. Rad1 Qe7 20. c4 b6
21. Nxe6 Bxe6 22. cxd5 Bd7 23. Qb3 Rad8 24. Rc1 Kh8 25. Rc7 Rc8 26. d6 Qe6 27.
Qxe6 Bxe6 28. Rxa7 Kg8 29. h3 Rf7 30. Ra6 Rb7 31. b3 Rc2 32. Rd1 Kf7 33. Rd4
Bd7 34. Rh4 Ke6 35. Rxh7 Bb5 36. Ra8 Kxe5 37. a4 Bc6 38. b4 Kxd6 39. Rg8 Bxa4
40. Rgxg7 Rxg7 41. Rxg7 Rb2 42. Rg6+ Kc7 43. g4 Rxb4 44. g5 Bc6 45. Rf6 f4 46.
Kh2 f3 47. g6 Rb2 48. Kg3 Rb1 49. h4 Rh1 50. Kg4 b5 51. h5 b4 52. Rf4 b3 53.
Rb4 Bd5 54. Kg5 Rh2 55. h6 Rg2+ 56. Kh5 Rxf2 57. h7 Rh2+ 58. Rh4 Rxh4+ 59. Kxh4
f2 60. h8=Q f1=Q 61. Qe5+ Kc6 62. Qe8+ Kc5 63. Qe7+ Kc4 64. Qc7+ Kd3 65. g7
Qh1+ 66. Kg5 Qg2+ 67. Kf6 b2 68. Qb6 Qf1+ 69. Ke5 b1=Q 70. Qg6+ Kc3 71. Qg3+
Qbd3 0-1

[Event "Lewisham International 4th"]
[Site "Catford Cricket Club"]
[Date "1984.09.??"]
[Round "4"]
[White "Wade, Robert G"]
[Black "De Boer, Gert Jan"]
[Result "0-1"]
[WhiteElo "2315"]
[BlackElo "2335"]
[PlyCount "90"]
[EventDate "1984.09.04"]
[EventType "swiss"]
[EventRounds "9"]
[EventCountry "ENG"]
[SourceTitle "Giddins, Steve"]

1. d4 Nf6 2. Nc3 c5 3. d5 e5 4. e4 d6 5. Bb5+ Nbd7 6. f4 exf4 7. Bxf4 Be7 8.
Nf3 O-O 9. O-O Nh5 10. Bd2 g6 11. g4 Ng7 12. Be2 Nf6 13. h3 h5 14. g5 Nh7 15.
h4 f6 16. gxf6 Bxf6 17. Rf2 Bd4 18. Qf1 Bxf2+ 19. Qxf2 Bg4 20. Qg3 Qe7 21. Re1
a6 22. Nh2 Bxe2 23. Rxe2 Rf6 24. e5 dxe5 25. Ne4 Rb6 26. d6 Qe6 27. Bc3 Re8 28.
Rg2 Nf5 29. Qxg6+ Qxg6 30. Rxg6+ Kf7 31. Rg2 Nxd6 32. Rf2+ Kg6 33. Nxc5 Nb5 34.
Nd7 Rbe6 35. Bb4 Rd8 36. Nc5 Rd1+ 37. Kg2 Re8 38. Nd3 Nf6 39. Re2 e4 40. Nf2
Rd4 41. c3 Rd7 42. a4 Nc7 43. Bc5 Ne6 44. Be3 Nd5 45. Kg3 Kf5 0-1

[Event "Lewisham International 4th"]
[Site "Catford Cricket Club"]
[Date "1984.09.??"]
[Round "5"]
[White "De Boer, Gert Jan"]
[Black "Garcia Olasagasti, Leontxo"]
[Result "1/2-1/2"]
[WhiteElo "2335"]
[BlackElo "2280"]
[PlyCount "114"]
[EventDate "1984.09.04"]
[EventType "swiss"]
[EventRounds "9"]
[EventCountry "ENG"]
[SourceTitle "Giddins, Steve"]

1. d4 f5 2. g3 Nf6 3. Bg2 g6 4. Nf3 Bg7 5. c4 O-O 6. Nc3 d6 7. O-O Qe8 8. d5
Na6 9. Nd4 Bd7 10. e4 Nxe4 11. Nxe4 fxe4 12. Bxe4 c6 13. Rb1 Nc7 14. Be3 c5 15.
Ne2 b5 16. b3 Bf5 17. Bxf5 Rxf5 18. Qd2 Qd7 19. Nf4 Rff8 20. Kg2 Rab8 21. Qc2
Qf5 22. Qxf5 Rxf5 23. Bd2 Be5 24. Nd3 Bd4 25. Rfe1 Rb7 26. Rbd1 Na8 27. Ba5 Rf8
28. Re2 Bf6 29. Nf4 bxc4 30. bxc4 Rfb8 31. Ne6 Nb6 32. Rc1 Na4 33. Re3 Rb2 34.
Ra3 Nb6 35. Be1 Nc8 36. Ra6 R8b6 37. Ra4 Rb1 38. Rxb1 Rxb1 39. Bd2 Rb2 40. Be3
Rb7 41. Ra3 Rb4 42. Rb3 a5 43. Bd2 a4 44. Rxb4 cxb4 45. Bxb4 Nb6 46. Kf3 Nxc4
47. Ke4 Nb6 48. f4 Kf7 49. Nc7 Bb2 50. Nb5 Nd7 51. Bc3 Bxc3 52. Nxc3 Nb6 53. g4
e6 54. dxe6+ Kxe6 55. f5+ gxf5+ 56. gxf5+ Kf6 57. Kf4 d5 1/2-1/2

[Event "Lewisham International 4th"]
[Site "Catford Cricket Club"]
[Date "1984.09.??"]
[Round "5"]
[White "Gallagher, Joseph G"]
[Black "Davies, Nigel Rodney"]
[Result "0-1"]
[WhiteElo "2295"]
[BlackElo "2340"]
[PlyCount "70"]
[EventDate "1984.09.04"]
[EventType "swiss"]
[EventRounds "9"]
[EventCountry "ENG"]
[SourceTitle "Giddins, Steve"]

1. e4 g6 2. d4 Bg7 3. c4 d6 4. Nc3 Nf6 5. Be2 O-O 6. Nf3 c5 7. d5 e6 8. O-O Re8
9. Nd2 Na6 10. Re1 Nc7 11. a4 a6 12. Qc2 Rb8 13. a5 b5 14. axb6 Rxb6 15. Nb3
exd5 16. cxd5 Nb5 17. Nxb5 axb5 18. f3 Nh5 19. g4 Nf6 20. Bg5 Qc7 21. Ra8 Rb8
22. Rxb8 Qxb8 23. Kg2 Nd7 24. Na5 Ne5 25. Nc6 Nxc6 26. dxc6 Be6 27. Rd1 Rc8 28.
c7 Qxc7 29. Bf4 Bd4 30. Bxb5 Qb6 31. Bc4 Qxb2 32. Qxb2 Bxb2 33. Bxe6 fxe6 34.
Rxd6 e5 35. Rd2 Bc1 0-1

[Event "Lewisham International 4th"]
[Site "Catford Cricket Club"]
[Date "1984.09.??"]
[Round "5"]
[White "Hebden, Mark L"]
[Black "Bellin, Robert"]
[Result "1-0"]
[WhiteElo "2480"]
[BlackElo "2370"]
[PlyCount "59"]
[EventDate "1984.09.04"]
[EventType "swiss"]
[EventRounds "9"]
[EventCountry "ENG"]
[SourceTitle "Giddins, Steve"]

1. e4 e6 2. d4 d5 3. Nc3 Bb4 4. e5 Qd7 5. Bd2 b6 6. Nf3 c6 7. h4 Ba6 8. Bxa6
Nxa6 9. h5 h6 10. Ne2 Bf8 11. O-O Ne7 12. Ng3 c5 13. Qe2 Qb7 14. dxc5 Nxc5 15.
b4 Nd7 16. c4 dxc4 17. Qxc4 Qd5 18. Qe2 Qb7 19. Rfd1 b5 20. Nd4 a6 21. f4 Nb6
22. Ne4 Nc6 23. Qf3 Nd5 24. Nxc6 Qxc6 25. Rac1 Qb6+ 26. Kh1 Rd8 27. f5 exf5 28.
Nd6+ Bxd6 29. exd6 Qxd6 30. Be3 1-0

[Event "Lewisham International 4th"]
[Site "Catford Cricket Club"]
[Date "1984.09.??"]
[Round "5"]
[White "Pein, Malcolm"]
[Black "Orr, Mark JL"]
[Result "0-1"]
[WhiteElo "2280"]
[BlackElo "2275"]
[PlyCount "84"]
[EventDate "1984.09.04"]
[EventType "swiss"]
[EventRounds "9"]
[EventCountry "ENG"]
[SourceTitle "Giddins, Steve"]

1. Nf3 Nf6 2. c4 e6 3. Nc3 d5 4. d4 c5 5. cxd5 Nxd5 6. e3 Be7 7. Bd3 O-O 8. O-O
Nc6 9. a3 cxd4 10. exd4 Bf6 11. Re1 g6 12. Bh6 Bg7 13. Bxg7 Kxg7 14. Be4 Nce7
15. Rc1 Rb8 16. Ne5 Nxc3 17. Rxc3 f6 18. Nf3 Qd6 19. Qa4 a6 20. Qc4 Rd8 21. Qc7
Qxc7 22. Rxc7 Rd7 23. Rcc1 Kf7 24. Bb1 Nd5 25. Ba2 Re7 26. Nd2 Bd7 27. Nc4 Bc6
28. Na5 Rc7 29. Bxd5 exd5 30. b4 Rbc8 31. Nb3 Bb5 32. Rxc7+ Rxc7 33. Rc1 Re7
34. f3 Bc4 35. Na5 b5 36. Nxc4 dxc4 37. Kf2 Ke6 38. a4 Kd5 39. axb5 axb5 40.
Rd1 c3 41. g4 Kc4 42. d5 c2 0-1

[Event "Lewisham International 4th"]
[Site "Catford Cricket Club"]
[Date "1984.09.??"]
[Round "5"]
[White "Richmond, Peter Allan"]
[Black "Nicholson, John G"]
[Result "1/2-1/2"]
[WhiteElo "2245"]
[BlackElo "2295"]
[PlyCount "90"]
[EventDate "1984.09.04"]
[EventType "swiss"]
[EventRounds "9"]
[EventCountry "ENG"]
[SourceTitle "Giddins, Steve"]

1. e4 c5 2. Nf3 e6 3. Nc3 d6 4. d4 cxd4 5. Nxd4 Nf6 6. Be3 a6 7. f4 b5 8. Qf3
Bb7 9. Bd3 Nbd7 10. O-O b4 11. Nd1 Nc5 12. Nf2 g6 13. Nb3 Nxd3 14. cxd3 Bg7 15.
a3 bxa3 16. Rxa3 O-O 17. Na5 Qd7 18. Rfa1 Rab8 19. Ba7 Rbc8 20. Bd4 Nh5 21.
Bxg7 Kxg7 22. Qe3 e5 23. fxe5 dxe5 24. Qg5 f6 25. Qd2 Ba8 26. Nb3 Qf7 27. Rc1
Rxc1+ 28. Qxc1 Nf4 29. Qc4 Rb8 30. Qxf7+ Kxf7 31. g3 Ne6 32. Rxa6 Rxb3 33. Rxa8
f5 34. Ra7+ Kf6 35. Rxh7 Rxb2 36. h4 Nd4 37. h5 f4 38. gxf4 Ne2+ 39. Kf1 exf4
40. hxg6 Kxg6 41. Ra7 f3 42. Ke1 Ng3 43. Ra6+ Kg5 44. Nh3+ Kg4 45. Rf6 Kxh3
1/2-1/2

[Event "Lewisham International 4th"]
[Site "Catford Cricket Club"]
[Date "1984.09.??"]
[Round "5"]
[White "Savage, Allan George"]
[Black "Ady, Jonathan James"]
[Result "1-0"]
[WhiteElo "2315"]
[BlackElo "2290"]
[PlyCount "83"]
[EventDate "1984.09.04"]
[EventType "swiss"]
[EventRounds "9"]
[EventCountry "ENG"]
[SourceTitle "Giddins, Steve"]

1. e4 c5 2. Nc3 Nc6 3. Nge2 e6 4. g3 d5 5. exd5 exd5 6. Bg2 Nf6 7. d4 cxd4 8.
Nxd4 Bg4 9. Qd3 Qd7 10. h3 Bh5 11. O-O Bg6 12. Qe2+ Be7 13. Be3 O-O 14. Rad1
Rfe8 15. Nxc6 bxc6 16. Qd2 Rad8 17. a3 Qf5 18. Bxa7 c5 19. Nxd5 Nxd5 20. Bxd5
Qxh3 21. Qf4 h6 22. Bg2 Qc8 23. Bb6 Rxd1 24. Rxd1 Bxc2 25. Re1 Bg5 26. Rxe8+
Qxe8 27. Qc4 Qe1+ 28. Bf1 Bf5 29. Bxc5 h5 30. Qe2 Qb1 31. Bd4 h4 32. Qe8+ Kh7
33. Qxf7 Bh6 34. Kh2 hxg3+ 35. Kxg3 Qe4 36. Be3 Qg4+ 37. Kh2 Be4 38. Bxh6 Qh4+
39. Bh3 Qxh6 40. f3 Qd2+ 41. Kg3 Bg6 42. Qe7 1-0

[Event "Lewisham International 4th"]
[Site "Catford Cricket Club"]
[Date "1984.09.??"]
[Round "5"]
[White "Singh, PK."]
[Black "Fuller, Maxwell L"]
[Result "0-1"]
[WhiteElo "2260"]
[BlackElo "2335"]
[PlyCount "88"]
[EventDate "1984.09.04"]
[EventType "swiss"]
[EventRounds "9"]
[EventCountry "ENG"]
[SourceTitle "Giddins, Steve"]

1. e4 g6 2. d4 Bg7 3. Nc3 d6 4. f4 c6 5. Nf3 Bg4 6. Be3 Qb6 7. Qd2 Nf6 8. Be2
Qxb2 9. Rb1 Qa3 10. Rxb7 Bc8 11. Rb3 Qa5 12. e5 Ng4 13. Bg1 dxe5 14. Nxe5 Nxe5
15. fxe5 O-O 16. Be3 Be6 17. Rb7 Nd7 18. O-O Rab8 19. Rxb8 Rxb8 20. Bg5 f6 21.
exf6 exf6 22. Bf4 Rd8 23. Qe3 Bf7 24. Bf3 f5 25. Ne2 Re8 26. Qd2 Qxd2 27. Bxd2
Bxa2 28. c3 Bc4 29. Kf2 c5 30. Ra1 a6 31. Be3 cxd4 32. Bxd4 Ne5 33. Nf4 Nxf3
34. Kxf3 Bxd4 35. cxd4 g5 36. Rc1 Rc8 37. Nd3 Bd5+ 38. Kf2 Rxc1 39. Nxc1 a5 40.
Ke3 f4+ 41. Kd3 a4 42. Kc3 a3 43. Nd3 Kf7 44. Nb4 Ke6 0-1

[Event "Lewisham International 4th"]
[Site "Catford Cricket Club"]
[Date "1984.09.??"]
[Round "5"]
[White "Strauss, David J"]
[Black "Wall, Tim"]
[Result "1/2-1/2"]
[WhiteElo "2425"]
[BlackElo "2220"]
[PlyCount "142"]
[EventDate "1984.09.04"]
[EventType "swiss"]
[EventRounds "9"]
[EventCountry "ENG"]
[SourceTitle "Giddins, Steve"]

1. c4 g6 2. d4 Bg7 3. Nc3 Nf6 4. Bg5 d6 5. e3 O-O 6. Be2 c6 7. Nf3 a6 8. O-O
Nfd7 9. Nd2 c5 10. d5 b5 11. cxb5 axb5 12. Bxb5 Na6 13. Nc4 Ne5 14. Nxe5 Bxe5
15. Bh6 Bg7 16. Bxg7 Kxg7 17. a3 Rb8 18. Qe2 Qb6 19. Rfb1 Nc7 20. Bc4 Bd7 21.
b4 cxb4 22. axb4 Nb5 23. Nxb5 Bxb5 24. Bxb5 Qxb5 25. Qxb5 Rxb5 26. Ra5 Rfb8 27.
Rxb5 Rxb5 28. e4 f5 29. f3 Kf6 30. Kf2 fxe4 31. fxe4 e6 32. dxe6 Kxe6 33. Ke3
Ke5 34. g3 d5 35. exd5 Kxd5 36. Kd3 Kc6 37. Kc4 Rf5 38. Rb2 h5 39. b5+ Kb6 40.
Kd4 h4 41. Ke4 hxg3 42. hxg3 Rf6 43. Rb3 Rf5 44. Rb4 Kc5 45. Rb1 Kb6 46. Rb3
Rc5 47. Kf4 Rf5+ 48. Kg4 Rd5 49. Rf3 Rxb5 50. Rf6+ Kc7 51. Rxg6 Kd7 52. Rf6 Ke7
53. Rf5 Rb8 54. Kg5 Rg8+ 55. Kf4 Ra8 56. Kg5 Rg8+ 57. Kh4 Rh8+ 58. Rh5 Ra8 59.
Rh7+ Kf6 60. Rb7 Rh8+ 61. Kg4 Rg8+ 62. Kf4 Ra8 63. Rb6+ Kg7 64. g4 Ra5 65. Kg3
Rc5 66. Kh4 Rc8 67. Kh5 Rc5+ 68. g5 Rc7 69. Rb5 Rd7 70. g6 Rd1 71. Rb7+ Kg8
1/2-1/2

[Event "Lewisham International 4th"]
[Site "Catford Cricket Club"]
[Date "1984.09.??"]
[Round "5"]
[White "Wade, Robert G"]
[Black "Crawley, Gavin"]
[Result "1/2-1/2"]
[WhiteElo "2315"]
[BlackElo "2300"]
[PlyCount "144"]
[EventDate "1984.09.04"]
[EventType "swiss"]
[EventRounds "9"]
[EventCountry "ENG"]
[SourceTitle "Giddins, Steve"]

1. d4 Nf6 2. Bg5 Ne4 3. Bf4 c5 4. f3 Nf6 5. d5 e6 6. Nc3 Nh5 7. Bxb8 Rxb8 8.
Nh3 Bd6 9. dxe6 dxe6 10. Ne4 Be7 11. Qxd8+ Kxd8 12. e3 Nf6 13. O-O-O+ Kc7 14.
Nxf6 Bxf6 15. Nf4 b5 16. Nh5 Bg5 17. f4 Bh6 18. Be2 Bb7 19. Rhg1 g6 20. Nf6 Bc6
21. Bf3 Rbd8 22. Bxc6 Kxc6 23. Rxd8 Rxd8 24. Rd1 Rxd1+ 25. Kxd1 e5 26. fxe5
Bxe3 27. e6 fxe6 28. Nxh7 Bh6 29. c3 a5 30. b3 Bg7 31. c4 bxc4 32. bxc4 Kd6 33.
Ke2 Ke5 34. Ng5 Bf6 35. Nf3+ Ke4 36. h4 a4 37. g3 e5 38. g4 Kf4 39. h5 g5 40.
h6 Kxg4 41. Ke3 Kf5 42. Nd2 Kg6 43. Ne4 Be7 44. Ng3 g4 45. Ke4 Bh4 46. Nf5 Bf6
47. Ne3 g3 48. Kf3 Bg5 49. Nd5 Bxh6 50. Nc3 Bf4 51. Nxa4 e4+ 52. Kg2 Bd6 53.
Nc3 Kf5 54. a4 Kf4 55. Nd5+ Ke5 56. Ne3 Bc7 57. Kxg3 Kd4+ 58. Kf2 Kd3 59. Nd5
Bd8 60. Nf4+ Kxc4 61. Ne6 Bb6 62. Ke3 Kd5 63. Nf4+ Ke5 64. Ng6+ Kf6 65. Nh4 Kg5
66. Ng2 Kf5 67. Nh4+ Ke5 68. Ng6+ Kd5 69. Nf4+ Kc4 70. Kxe4 Kb3 71. Nd5 Ba5 72.
Ne3 Ka3 1/2-1/2

[Event "Lewisham International 4th"]
[Site "Catford Cricket Club"]
[Date "1984.09.??"]
[Round "6"]
[White "Bellin, Robert"]
[Black "Garcia Olasagasti, Leontxo"]
[Result "1/2-1/2"]
[WhiteElo "2370"]
[BlackElo "2280"]
[PlyCount "120"]
[EventDate "1984.09.04"]
[EventType "swiss"]
[EventRounds "9"]
[EventCountry "ENG"]
[SourceTitle "Giddins, Steve"]

1. d4 f5 2. Nc3 d5 3. Bg5 g6 4. h4 Bg7 5. h5 h6 6. Bc1 g5 7. Nf3 Be6 8. e3 Bf7
9. Ne5 Nf6 10. Bd3 e6 11. g4 Nxg4 12. Nxg4 fxg4 13. Qxg4 Nd7 14. Bd2 Nf6 15.
Qe2 Qe7 16. e4 dxe4 17. Nxe4 O-O-O 18. Ng3 Rhe8 19. c3 Nd5 20. Qg4 Kb8 21.
O-O-O e5 22. Nf5 Be6 23. Qg2 Bxf5 24. Bxf5 exd4 25. c4 Qf6 26. Bd3 Nf4 27. Bxf4
Qxf4+ 28. Kb1 Re5 29. Kc2 a6 30. b4 Rf8 31. Rd2 Re6 32. Rb1 Ref6 33. Rf1 Qh4
34. a4 Qf4 35. Re2 Qf3 36. Qh2 Qc6 37. b5 Qd6 38. Qxd6 Rxd6 39. Rb1 a5 40. Kd2
Rdf6 41. Ke1 Rf3 42. Rd1 Rh3 43. Bg6 Ra3 44. c5 Rxa4 45. c6 b6 46. Kf1 Rb4 47.
Rb1 Rxb1+ 48. Bxb1 Rd8 49. Bd3 Bf8 50. Ke1 Bb4+ 51. Kd1 Rf8 52. Bg6 Kc8 53. Re5
Bd6 54. Re4 Kd8 55. Ke2 Bc5 56. Kd3 Rf3+ 57. Kc4 Rf8 58. Kb3 Rf3+ 59. Kc4 Rf8
60. Kb3 Rf3+ 1/2-1/2

[Event "Lewisham International 4th"]
[Site "Catford Cricket Club"]
[Date "1984.09.??"]
[Round "6"]
[White "Crawley, Gavin"]
[Black "Strauss, David J"]
[Result "1-0"]
[WhiteElo "2300"]
[BlackElo "2425"]
[PlyCount "51"]
[EventDate "1984.09.04"]
[EventType "swiss"]
[EventRounds "9"]
[EventCountry "ENG"]
[SourceTitle "Giddins, Steve"]

1. e4 c5 2. Nf3 Nc6 3. d4 cxd4 4. Nxd4 Nf6 5. Nc3 d6 6. Bc4 Qb6 7. Nde2 e6 8.
Bb3 Be7 9. O-O O-O 10. Qd3 Rd8 11. Qg3 Na5 12. Be3 Qc7 13. f4 Nxb3 14. axb3 b6
15. f5 exf5 16. Bd4 g6 17. exf5 Nh5 18. Qf3 Bb7 19. Qe3 Bf8 20. Ng3 Nxg3 21.
Qxg3 Re8 22. Rf2 Bc6 23. Raf1 Rad8 24. Qh4 Rd7 25. fxg6 fxg6 26. Ne4 1-0